000 02576nam0a22003251 4500
001 rc\4188549
005 20260407143210.0
021 _aRU
_b[53-33968]
035 _a(NLR Aleph) 008195064
090 _a8000499
_c8000499
100 _a20130415d1953 |||y0rusy50 ca
101 0 _arus
102 _aRU
105 _aa z |||||
200 1 _aЭффективная строительная керамика
_fПод ред. канд. техн. наук И.А. Гервидс
_gМ-во строительства СССР. Техн. упр. Центр. науч.-исслед. ин-т пром. сооружений ЦНИПС
210 _aМосква
_cГос. изд-во лит. по стр-ву и архитектуре
_d1953
215 _a88 с.
_cил.
_d22
320 _aБиблиогр. в конце статей
327 1 _aСодерж.: Ячеистая керамика / И.А. Гервидс. Влияние выгорающих добавок на свойства пористого кирпича / П.И. Потемкин. Об основных свойствах сырья и некоторых особенностях производства пустотелых керам. блоков / И.А. Гервидс, П.И. Потемкин
464 0 _12001#$aОб основных свойствах сырья и некоторых особенностях производства пустотелых керамических блоков
_1700#1$aГервидс$bИ.А.
_1701#1$aПотемкин$bП.И.
_tОб основных свойствах сырья и некоторых особенностях производства пустотелых керамических блоков
_aГервидс, И.А.
464 0 _12001#$aЯчеистая керамика
_1700#1$aГервидс$bИ.А.
_tЯчеистая керамика
_aГервидс, И.А.
464 0 _12001#$aВлияние выгорающих добавок на свойства пористого кирпича
_1700#1$aПотемкин$bП.И.
_tВлияние выгорающих добавок на свойства пористого кирпича
_aПотемкин, П.И.
606 _aКерамические изделия, строительные
_jСборники
_2psbo
702 1 _aГервидс
_bИ.А.
_4340
712 0 2 _aЦНИИ промышленных сооружений
_cМосква
_3RU\NLR\AUTH\8810014876
_9527633
801 0 _aRU
_bNLR
_gpsbo
801 1 _aRU
_bELAR
_2rusmarc
852 _aNLR
_jТ44 Г-6/585
942 _cBOOK
980 _aNB